000 01484cam a22003858i 4500
999 _c3439
_d3439
001 21619629
003 OSt
005 20240120121030.0
008 200722s2021 nyu c 000 1 eng
010 _a 2020031906
020 _a9781534475304
_q(hardback)
040 _aDLC
_beng
_erda
_cDLC
_dDLC
_dKH8
042 _alcac
_apcc
082 0 0 _aFIC ALP
_223
100 1 _aAlpine, Rachele,
_d1979-
_eauthor.
245 1 0 _aHome sweet forever home /
_cby Rachele Alpine ; illustrated by Addy Rivera Sonda.
250 _aFirst Aladdin paperback edition.
263 _a1111
264 1 _aNew York :
_bAladdin,
_c2021.
300 _a140 pages :
_billustrations ;
_c22 cm
336 _atext
_btxt
_2rdacontent
337 _aunmediated
_bn
_2rdamedia
338 _avolume
_bnc
_2rdacarrier
490 0 _ahe invincible girls club ;
_vbook 1
520 _aWhile volunteering at an animal shelter, Lauren and her three best friends--Ruby, Myka, and Emelyn--plan a cupcake adoption event to help older dogs find a home, but the big day does not go as planned.
521 _aAges 7 to 10.
_bAladdin.
521 _aGrades 2-3.
_bAladdin.
650 1 _aDogs
_vFiction.
650 1 _aAnimal shelters
_vFiction.
650 1 _aBest friends
_vFiction.
650 1 _aFriendship
_vFiction.
700 1 _aSonda, Addy Rivera,
_eillustrator.
776 0 8 _iOnline version:
_aAlpine, Rachele, 1979-
_tHome sweet forever home
_dNew York : Aladdin, 2021
_z9781534475311
_w(DLC) 2020031907
942 _2ddc
_cFIC